000 00557nam a22001577a 4500
005 20231124123448.0
008 231124b |||||||| |||| 00| 0 eng d
041 _aEnglish
082 _a340.5 PAT
100 _aPatemann, H
_lEnglish
245 _aTraditional Authorities in Process :
_bTradition, colonial distortion and re-appropriation within the secular, democratic and unitary state of Namibia /
_cH Patemann
260 _c2002
300 _b181 pages ;
_c30 cm.
650 _aLegal practice
_bLaw
942 _cBK
_6ALISON_BN_VRIES
999 _c944
_d944